Catálogo
 En Linea

Del pozo al palacio / (Registro nro. 27665)

Detalles MARC
000 -CABECERA
campo de control de longitud fija 00890nam a2200277 a 4500
001 - NÚMERO DE CONTROL
campo de control 000028173
005 - FECHA Y HORA DE LA ÚLTIMA TRANSACCIÓN
campo de control 20260116073830.0
008 - DATOS DE LONGITUD FIJA--INFORMACIÓN GENERAL
campo de control de longitud fija 110407s2011 dr 001 0 spa d
020 ## - NÚMERO INTERNACIONAL ESTÁNDAR DEL LIBRO
Número Internacional Estándar del Libro 9789945854732
040 ## - FUENTE DE LA CATALOGACIÓN
Centro catalogador/agencia de origen DO-SdBNP
Lengua de catalogación spa
Centro/agencia transcriptor BNPHU
082 ## - NÚMERO DE LA CLASIFICACIÓN DECIMAL DEWEY
Número de clasificación 158.1
Número de documento/Ítem H632d, 2011
100 1# - ENTRADA PRINCIPAL--NOMBRE DE PERSONA
Nombre de persona Hidalgo, Saulo
9 (RLIN) 386
245 10 - MENCIÓN DE TÍTULO
Título Del pozo al palacio /
Mención de responsabilidad, etc. Saulo Hidalgo ; prólogo Josu Iriondo.
250 ## - MENCIÓN DE EDICIÓN
Mención de edición 5ª ed.
260 ## - PUBLICACIÓN, DISTRIBUCIÓN, ETC.
Lugar de publicación, distribución, etc. Santo Domingo :
-- Serigraf,
Fecha de publicación, distribución, etc. 2011.
300 ## - DESCRIPCIÓN FÍSICA
Extensión 345 p. ;
Dimensiones 22 cm.
500 ## - NOTA GENERAL
Nota general Siete pasos para mejorar drásticamente su vida
590 ## - NOTA LOCAL (RLIN)
Nota local Inventariado, 2018/MFF
650 #0 - PUNTO DE ACCESO ADICIONAL DE MATERIA--TÉRMINO DE MATERIA
Término de materia o nombre geográfico como elemento de entrada Autorrealización (Psicología)
9 (RLIN) 211
650 #0 - PUNTO DE ACCESO ADICIONAL DE MATERIA--TÉRMINO DE MATERIA
Término de materia o nombre geográfico como elemento de entrada Autoestima
9 (RLIN) 212
650 #4 - PUNTO DE ACCESO ADICIONAL DE MATERIA--TÉRMINO DE MATERIA
Término de materia o nombre geográfico como elemento de entrada Toma de decisiones
9 (RLIN) 5494
650 #4 - PUNTO DE ACCESO ADICIONAL DE MATERIA--TÉRMINO DE MATERIA
Término de materia o nombre geográfico como elemento de entrada Ética cristiana
9 (RLIN) 389
650 #4 - PUNTO DE ACCESO ADICIONAL DE MATERIA--TÉRMINO DE MATERIA
Término de materia o nombre geográfico como elemento de entrada Técnicas de autoayuda
9 (RLIN) 387
700 1# - PUNTO DE ACCESO ADICIONAL--NOMBRE DE PERSONA
Nombre de persona Iriondo, Josu,
Término indicativo de función/relación pról.
9 (RLIN) 55173
910 ## - DATOS DE OPCIÓN DEL USUARIO (OCLC)
Datos de opción del usuario Validado. Control de calidad EMS.
Existencias
Estado de retiro Estado de pérdida No para préstamo Código de colección Localización permanente Ubicación/localización actual Ubicación en estantería Fecha de adquisición Número de inventario Total de préstamos Signatura topográfica completa Código de barras Fecha visto por última vez Precio válido a partir de Tipo de ítem Koha Número de copia
    Excluido de préstamo Patrimonio Dominicano Patrimonio Dominicano Patrimonio Dominicano Depósito 07.04.2011 LF1   158.1 H632d, 2011 28173-10 25.06.2020 25.06.2020 Libro y Folleto Colección Patrimonio Dominicano  
    Excluido de préstamo Patrimonio Dominicano Patrimonio Dominicano Patrimonio Dominicano Depósito 07.04.2011 LF1   158.1 H632d, 2011 28173-20 25.06.2020 25.06.2020 Libro y Folleto Colección Patrimonio Dominicano e. 2
  Extraviado Excluido de préstamo Dominicana de Servicio Patrimonio Dominicano Patrimonio Dominicano Extraviado 08.05.2018 LF1   158.1 H632d, 2011 28173-30 25.06.2020 25.06.2020 Libro y Folleto Colección Dominicana de Servicio e. 3

Con tecnología Koha